| 000 | 01224cam a22003377a 4500 | ||
|---|---|---|---|
| 003 | CHAP | ||
| 005 | 20220817041349.0 | ||
| 008 | 971013s1984 r 00010 d | ||
| 010 | _a12270 | ||
| 011 | _a13242 | ||
| 035 | _a17313 | ||
| 040 | _cCHAP | ||
| 082 |
_a631.84 _bH3 |
||
| 100 | 0 | 0 |
_aHauck, Roland Daniel. _953085 |
| 245 | 0 |
_aNitrogen in crop production _b: proceedings of a symposium .. |
|
| 260 |
_aMadison, Wis. : _bAmerican Society of Agronomy, _c1984 |
||
| 300 |
_a894 p. _b: ilus. ; gráfs. |
||
| 590 |
_aBATCH-UPD _b10 _c20130110 _lUCH01 _h1203 |
||
| 590 |
_aBATCH-UPD _b10 _c20130410 _lUCH01 _h0745 |
||
| 590 |
_aBATCH-UPD _b10 _c20130914 _lUCH01 _h1401 |
||
| 590 |
_aCONVERSION _b10 _c20130109 _lUCH01 _h1308 |
||
| 650 | 1 | 4 |
_aFertilizantes nitrogenados. _940596 |
| 650 | 1 | 4 |
_aFertilizantes _xEfecto en plantas. |
| 650 | 1 | 4 |
_aNitrógeno _xEfecto en plantas. _981457 |
| 650 | 1 | 4 |
_aPlantas _xNutrición. _988874 |
| 901 | _aBK | ||
| 942 | _cLIBRO | ||
| 949 |
_a631.84 H3 _bBC _cLIBRO _d33724000171997 _eLIBRO _gI.130218 _h69120 _i17313 _si |
||
| 949 |
_a631.84 H3 _bBC _cLIBRO _d33724000172003 _eLIBRO _fc.2 _gI.30219 _h69121 _i17313 _si |
||
| 949 |
_a631.84 H3 _bBC _cLIBRO _d33724000172011 _eLIBRO _fc.3 _gI.149361 _h77494 _i17313 _si |
||
| 999 |
_c12270 _d12270 |
||